| 000 | 00715 a2200229 4500 | ||
|---|---|---|---|
| 003 | CBULib | ||
| 005 | 20250612082006.0 | ||
| 008 | 231117b |||||||| |||| 00| 0 eng d | ||
| 020 | _a9780197619681 | ||
| 040 |
_bEnglish _cCBULib _erda |
||
| 050 | _aBD 418.3 Tha | ||
| 100 | _aThagard, Paul | ||
| 245 | _aNaural philosophy : from social brains to knowledge, reality, morality, and beauty | ||
| 260 |
_bOxford University Press, _c2019 _aNew York : |
||
| 300 | _axviii, 752300 : illustrations | ||
| 336 |
_2rdacontent _aText | _btxt |
||
| 337 |
_2rdamedia _aUnmediated | _bn |
||
| 338 |
_2rdacarrier _aVolume _bnc |
||
| 650 | 0 |
_9801 _aPHILOSOPHY OF MIND |
|
| 650 | 0 |
_91071 _aCOGNITIVE SCIENCE |
|
| 942 |
_2lcc _c002 |
||
| 999 |
_c83017 _d83017 |
||